| 000 | 00402nam a2200169Ia 4500 | ||
|---|---|---|---|
| 999 |
_c26527 _d26527 |
||
| 003 | 0100 | ||
| 005 | 20190220101940.0 | ||
| 008 | 130303s9999 xx 000 0 und d | ||
| 040 | _cARRUPELIB | ||
| 050 | _aRC556.K46 1980 | ||
| 100 |
_aKennedy, Eugene _944815 |
||
| 245 |
_aSexual counseling _cEugene Kennedy |
||
| 260 |
_aNew York _bThe Seabury Press _c1977 |
||
| 300 |
_axv, 197p. ; _c23cm. |
||
| 650 |
_aSex therapy _944816 |
||
| 942 |
_2lcc _cMONOGRAPH |
||